logo

¡UN TERCIO NOMADA! TERCIO D. JUAN DE AUSTRIA 3º DE LA LEGION (Record no. 33362)

MARC details
000 -CABECERA
campo de control de longitud fija 00471nam a2200181Ia 4500
001 - NÚMERO DE CONTROL
campo de control 28960
005 - FECHA Y HORA DE LA ÚLTIMA TRANSACCIÓN
campo de control 20260407082705.0
008 - CÓDIGOS DE INFORMACIÓN DE LONGITUD FIJA
campo de control de longitud fija 260115s9999 xx 000 0 und d
010 ## - NÚMERO DE CONTROL DE LA BIBLIOTECA DEL CONGRESO
Número de control de LC 33362
035 ## - NÚMERO DE CONTROL DEL SISTEMA
Número de control de sistema 19127
090 ## - LOCALMENTE ASIGNADO TIPO-LC NÚMERO DE CLASIFICACIÓN (OCLC); NÚMERO DE CLASIFICACIÓN LOCAL (RLIN)
Número de clasificación (OCLC) (R) ; Numero de clasificación CALL (RLIN) (NR) 355.312
100 ## - PUNTO DE ACCESO PRINCIPAL - NOMBRE DE PERSONA
Nombre de persona BATALLER ALVENTOSA VICENTE
245 #0 - MENCIÓN DE TÍTULO
Título ¡UN TERCIO NOMADA! TERCIO D. JUAN DE AUSTRIA 3º DE LA LEGION
260 ## - PUBLICACIÓN, DISTRIBUCIÓN, ETC. (PIE DE IMPRENTA)
Nombre del editor distribuidor etc. GRAFICAS GUTENBERG
Fecha de publicación distribución etc. 2003
630 ## - PUNTO DE ACCESO ADICIONAL DE MATERIA--TÍTULO UNIFORME
Título uniforme HISTORIA MILITAR
650 ## - PUNTO DE ACCESO ADICIONAL DE MATERIA--TÉRMINO DE MATERIA
Término de materia o nombre geográfico como elemento inicial HISTORIA MILITAR
942 ## - ELEMENTOS DE PUNTO DE ACCESO ADICIONAL (KOHA)
Tipo de ítem Koha Monografías
Holdings
Estado de retiro Estado de pérdida Estado dañado No para préstamo Código de colección Localización permanente Ubicación/localización actual Fecha de adquisición Total de préstamos Signatura topográfica completa Código de barras Fecha visto por última vez Número de copia Precio válido a partir de Tipo de ítem Koha Nota pública
          Servicio de Estudios Históricos Servicio de Estudios Históricos 22/06/2004   355.312 25883 05/02/2026 1 05/02/2026 Monografías 30, 5 CTMS,. 290 PAGS. ALMERIA